000 00557nam a22001937a 4500
005 20251108165810.0
008 250721s1974 xx 000 0 ara d
082 1 4 _aط/621.3841/غود
100 1 _aغودال، ف.ج
245 1 0 _aقصة الراديو /
264 1 _aبيروت :
_bمكتبة لبنان،
_c1974.
300 _a50ص :مص
490 0 _aليديبرد
650 1 7 _aالراديو
653 _aناشاون صغار (10-14)سنه
700 1 _aجويجاتي، سعد الله
_eترجمة
942 _2ddc
_cBK
999 _c31566
_d31566